| 000 | 01639nam a22002417a 4500 | ||
|---|---|---|---|
| 999 |
_c57077 _d57077 |
||
| 003 | Ge_BSU | ||
| 005 | 20221221152801.0 | ||
| 008 | 191112s2019 ge ||||| |||| 00| 0 geo d | ||
| 041 | _ageo | ||
| 080 | _a58 ღ-83 | ||
| 100 | _4ღოღობერიძე, სოფიო | ||
| 245 |
_aკარტოფილის კიბოს ქართული პოპულაციის პათოტიპური სტრუქტურის შესწავლა და დაავადების კონტროლის საშუალებების შემუშავება / _cსოფიო ღოღობერიძე; სამ. ხელმძღვ. ზ. სიხარულიძე. |
||
| 264 |
_aბათუმი, _c2019 |
||
| 300 |
_a143 გვ. : _bსურ. ცხრ.; _c30 სმ. |
||
| 504 | _aბიბლიოგრ. გვ. 132-143 | ||
| 653 | _aბოტანიკა | ||
| 653 | _aაგრარული მეცნიერებანი | ||
| 653 | _aკარტოფილის კიბოს შესწავლა | ||
| 653 | _aდისერტაცია | ||
| 700 |
_aსიხარულოიძე, ზოია _eმეცნ. ხელმძღვანელი _95300 |
||
| 710 |
_aბათუმის შოთა რუსთაველის სახელმწიფო უნივერსიტეტი _bტექნოლოგიური ფაკულტეტი _eაგროეკოლოგიისა და სატყეო საქმის დეპარტამენტი _95301 |
||
| 942 |
_2udc _cDS |
||